Strength evaluation of existing reinforced concrete bridges /

Bibliographic Details
Corporate Author: National Research Council (U.S.). Transportation Research Board
Other Authors: Imbsen, Roy A.
Format: Book
Language:English
Published: Washington, D.C. : Transportation Research Board, National Research Council, [1987]
Series:Report (National Cooperative Highway Research Program) ; 292.
Subjects:

MARC

Tag First Indicator Second Indicator Subfields
LEADER 00000cam a2200000 a 4500
001 in00000020030
005 20151007053811.0
008 871209s1987 dcua b 00000 eng d
010 |a  87072029  
020 |a 0309044154 (pbk.) :  |c $14.00 
035 |a (OCoLC)17209315 
035 |9 AAB2862AM 
040 |a JCR  |c JCR  |d CRD  |d TXA  |d UtOrBLW 
049 |a TXAM  |c 1 [A11072376], 2 [A11662812] 
050 4 |a TE7  |b .N25 no.292 
245 0 0 |a Strength evaluation of existing reinforced concrete bridges /  |c R.A. Imbsen [and others]. 
264 1 |a Washington, D.C. :  |b Transportation Research Board, National Research Council,  |c [1987] 
300 |a 133 pages :  |b illustrations ;  |c 28 cm. 
336 |a text  |b txt  |2 rdacontent 
337 |a unmediated  |b n  |2 rdamedia 
338 |a volume  |b nc  |2 rdacarrier 
490 1 |a National Cooperative Highway Research Program report,  |x 0077-5614 ;  |v 292 
500 |a "Research sponsored by the American Association of State Highway and Transportation Officials in cooperation with the Federal Highway Administration." 
500 |a "June 1987." 
504 |a Includes bibliographies. 
650 0 |a Concrete bridges  |x Testing. 
650 0 |a Reinforced concrete  |x Corrosion. 
700 1 |a Imbsen, Roy A. 
710 2 |a National Research Council (U.S.).  |b Transportation Research Board. 
830 0 |a Report (National Cooperative Highway Research Program) ;  |v 292. 
999 |a MARS 
999 f f |s a8a55627-264c-3860-8f93-7764584cc32e  |i fe7b20d4-9b40-3e05-a396-0f4918e18e29  |t 0 
952 f f |p ric  |a Texas A&M University  |b Rellis Campus  |c Joint Library Facility  |d Remote Storage  |t 0  |e TE7 .N25 no.292  |h Library of Congress classification  |i unmediated -- volume  |m A14824002827 
952 f f |p default  |a Texas A&M University  |b College Station  |c Sterling C. Evans Library  |d Evans: Microforms (3rd floor)  |t 0  |e fiche S 746 no.292  |h Other scheme  |i unmediated -- volume 
998 f f |a TE7 .N25 no.292  |t 0  |l Remote Storage 
998 f f |a fiche S 746 no.292  |t 0  |l Evans: Microforms (3rd floor)